[Event "Tilburg"]
[Site "Tilburg"]
[Date "1993.??.??"]
[Round "2"]
[White "Vladimirov, Yevgeniy"]
[Black "Bareev, Evgeny"]
[Result "0-1"]
[WhiteElo "2585"]
[BlackElo "2660"]
[Annotator "Ftacnik,L"]
[PlyCount "56"]
[EventDate "1993.11.??"]
[EventType "k.o."]
[EventRounds "7"]
[EventCountry "NED"]
[SourceTitle "CBM 039"]
[Source "ChessBase"]
[SourceDate "1994.04.01"]
[SourceVersion "1"]
[SourceVersionDate "1994.04.01"]
[SourceQuality "1"]

1. d4 d5 2. c4 c6 3. Nc3 Nf6 4. Nf3 e6 5. Bg5 dxc4 6. e4 b5 7. e5 h6 8. Bh4 g5
9. Nxg5 hxg5 10. Bxg5 Nbd7 11. exf6 Bb7 12. g3 c5 13. d5 Bh6 14. Bxh6 Rxh6 15.
Qd2 Qxf6 16. O-O-O (16. Bg2 Ne5 17. O-O O-O-O 18. Qe3 Rxh2 19. Rfe1 Rxg2+ 20.
Kxg2 Nd3 21. Ne4 Qd4 22. Re2 Bxd5 23. f3 Qxe3 24. Rxe3 $15 {Uhlmann,W-Enders,P/
DDR/1985/0-1 (41)}) 16... Kf8 $5 $146 (16... O-O-O 17. Ne4 Qe5 18. Qxh6 Qxe4
19. dxe6 Qxh1 20. Bh3 Qxd1+ 21. Kxd1 Ne5+ {Quist,J-Thesing,M/Dieren op (1)/
1988/1-0 (22)}) (16... Bxd5 17. Nxd5 exd5 18. Bg2 Nb6 19. Qe3+ $2 (19. Bxd5 $1
O-O-O 20. Bb7+ Kc7 21. Qxd8+ Qxd8 22. Rxd8 Kxd8 23. Ba6 $14) 19... Kf8 20.
Qxc5+ Kg8 21. Qd4 Re8 $15 {Yusupov,A-Shirov,A/Linares/1993/0.5 (42)}) 17. f4 (
17. g4 Rg6 (17... Rh4 18. Rg1 (18. dxe6 Bxh1 19. exd7 Rd8 20. Nxb5 Rxh2 $19)
18... exd5 19. Nxd5 Bxd5 20. Qxd5 Rd8 21. h3 Qxf2 22. Qd6+ Kg7 23. Qe7 Nf6 (
23... Rhh8 24. Rg2 Qf4+ 25. Kb1 Rhe8 26. Qh4 Nf6 $17) 24. Rxd8 Qxg1 25. Rd1 (
25. Qe1 Rxh3 $19) 25... Qf2 26. Qxa7 Nxg4 $1 27. hxg4 Rh2 $19) (17... Rh4 $5)
18. Rg1 Ne5 (18... exd5 $6 19. Nxd5 Bxd5 20. Qxd5 Rd8 21. g5 Qf4+ 22. Kb1 $14)
19. g5 Qf5 20. Qe3 exd5 21. Bh3 Qf3 (21... Nd3+ $2 22. Rxd3 Qxd3 23. Qxc5+ Kg7
24. Rg3 Rc6 25. Qe7 Qd4 26. Qxb7 $16) 22. Qxc5+ (22. Qxe5 $5 Qxh3 23. Nxd5)
22... Kg8 23. Nxd5 Bxd5 24. Qxd5 Qxd5 25. Rxd5 Nd3+ 26. Kb1 Nf4 27. Rf5 Nxh3
28. Rg3 Nxf2 29. Rxf2 $10 {Piket,J-Kaidanov,G/Tilburg/1993/}) 17... Nb6 18. Ne4
(18. g4 Rh4 19. Ne4 Qg6 20. Nxc5 Bxd5 21. Rg1 Rxg4 $17) (18. Bg2 exd5 19. Qf2 (
19. Nxb5 Bc6 20. Nc7 (20. Qa5 d4 21. Bxc6 Qxc6 $17) 20... Rd8 (20... Rc8 21.
Nxd5 Nxd5 22. Bxd5 Rd8 23. Qg2 $16) 21. f5 (21. Qa5 Na4 22. Rd2 c3 23. bxc3
Qxc3+ 24. Qxc3 Nxc3 25. Na6 Na4 26. h4 d4 27. Nc7 Bxg2 28. Rxg2 c4 29. Re1 d3
30. Re4 c3 31. Rg1 (31. Rxa4 d2+ 32. Kd1 c2+ $19) 31... Nb2 $19) 21... Na4 22.
g4 c3 23. bxc3 Qxc3+ 24. Qxc3 Nxc3 25. Rd2 d4 26. Ne6+ fxe6 27. Bxc6 exf5 28.
Bf3 fxg4 29. Bxg4 Rf6 30. a3 Ne4 31. Rg2 d3 32. Rhg1 Rd4 33. Bh5 Ke7 34. Rg7+
Kd6 35. Rxa7 Rc4+ 36. Kd1 Rc2 37. Ra6+ Ke5 38. Rxf6 Kxf6 39. Rf1+ Ke5 40. Re1
Kd4 {0-1 Alterman,B-Kamsky,G/Tilburg/1993/}) 19... Rc8 $1 20. Nxb5 Na4 $1 21.
Qc2 Qa6 22. Na3 c3 $1 23. Bxd5 Nxb2 24. Qf5 Rf6 25. Qh7 Qxa3 $1 26. Qh8+ Ke7
27. Rhe1+ Kd7 28. Qh3+ Kd6 29. Bxb7+ Nxd1+ 30. Kxd1 Qxa2 31. Qg2 Qb1+ {0-1/
Kamsky,G-Shirov,A/Luzern WchT/1993/}) 18... Qg7 19. Bg2 Bxd5 20. Nc3 b4 21.
Nxd5 exd5 22. Qf2 Rc8 23. Bxd5 c3 24. b3 c4 25. Bxc4 Nxc4 26. bxc4 b3 $1 27.
Qd4 (27. axb3 Ra6 28. Qe3 Ra1+ 29. Kc2 Ra2+ 30. Kb1 Rb2+ 31. Kc1 c2 32. Rd4
Rb1+ 33. Kxc2 Rxh1 $19) 27... Qxd4 28. Rxd4 Ra6 0-1

[Event "RUS-chT 17th"]
[Site "Dagomys"]
[Date "2010.04.03"]
[Round "3"]
[White "Shimanov, Aleksandr"]
[Black "Timofeev, Artyom"]
[Result "1-0"]
[WhiteElo "2553"]
[BlackElo "2655"]
[Annotator "Ftacnik,L"]
[PlyCount "87"]
[EventDate "2010.04.01"]
[EventType "team-tourn"]
[EventRounds "9"]
[EventCountry "RUS"]
[SourceTitle "EXT 2020"]
[Source "ChessBase"]
[SourceDate "2019.10.17"]
[SourceVersion "1"]
[SourceVersionDate "2019.10.17"]
[SourceQuality "1"]
[WhiteTeam "St Petersburg Mikhail Chigorin"]
[BlackTeam "Tomsk 400"]
[WhiteTeamCountry "RUS"]
[BlackTeamCountry "RUS"]

1. Nf3 d5 2. d4 Nf6 3. c4 e6 4. Nc3 c6 5. Bg5 dxc4 6. e4 b5 7. e5 h6 8. Bh4 g5
9. Nxg5 hxg5 10. Bxg5 Nbd7 11. g3 {The Botvinnik Variation is a very sharp
defence. Black gets a chance to test various original solutions for pressure
by White.} Rg8 12. h4 Rxg5 13. hxg5 Nd5 14. g6 fxg6 15. Qg4 Qe7 16. Bg2 Kd8 {
The defender might have been satisfied with the material relationships on the
board, but White has a dangerous initiative.} 17. Qxg6 Qb4 18. O-O (18. Qc2 Qa5
19. O-O (19. Kf1 b4 (19... Be7 20. Rh8+ Nf8 21. g4 b4 {1/2-1/2 Bartholomew,J 
(2411)-Shulman,Y (2614)/Dallas 2006}) 20. Ne4 b3 21. Qc1 bxa2 22. Rh8 Ba6 23.
Ng5 Kc7 24. Nxe6+ Kb6 25. Rh7 Re8 26. Rxd7 Rxe6 27. Kg1 Be7 {0-1 Leitao,R 
(2601)-Shulman,Y (2616)/Khanty Mansiysk 2007 (48)} 28. Bxd5 cxd5 29. Qf4 c3 30.
bxc3 Qxc3 31. Rxa2 Qc6 $11) 19... N7b6 20. Ne4 Kc7 21. Nf6 Qb4 22. Qg6 Nxf6 23.
exf6 Bd7 24. Rae1 (24. Rab1 $15) 24... Qxb2 25. Qf7 Re8 $17 {0-1 Kramnik,V 
(2809)-Shirov,A (2715)/Monte Carlo 2002 (31)}) 18... Qxb2 {[%mdl 4] We can
only guess, what Timofeev disliked in the promising move 18...N7b6!? that
tends to offer very good chances in the complicated middlegame.} (18... N7b6 $5
19. Ne4 Bd7 20. Ng5 (20. Bh3 Qxb2 21. Bxe6 Qxd4 $2 (21... Bxe6 22. Qxe6 Kc7 $15
) 22. Bxd7 Kxd7 23. Qf5+ Kc7 24. Ng5 Kb7 25. Ne6 Qd2 26. Nxf8 $16 {0-1 Oms
Pallisse,J (2511)-Saptarshi,R (2373)/Andorra 2006 (28)}) 20... Kc7 21. Nxe6+ (
21. Bh3 Be7 22. Bxe6 Bxg5 23. Bxd7 Nxd7 24. Qxg5 Qxb2 25. e6 N7f6 26. Qe5+ Kb7
$17 {1/2-1/2 Muir,A (2359)-Mason,D (2261)/Hinckley Island 2008 (29)}) 21...
Bxe6 22. Qxe6 Qxb2 23. a4 bxa4 24. Bxd5 Nxd5 25. Rxa4 Qxd4 26. Rfa1 a5 27. Rxa5
Qxa1+ 28. Rxa1 Rxa1+ 29. Kg2 c3 $17 {1/2-1/2 Collas,D (2424)-Korneev,O (2606)/
Cutro 2003 (36)}) 19. Nxd5 cxd5 20. Qxe6 Nb6 {The scope for improvements is
very respectable in messy positions with untypical material relationships.} (
20... Qxd4 21. Rfd1 Qxe5 22. Qxe5 Nxe5 23. Rxd5+ Nd7 24. Rxd7+ Kxd7 25. Bxa8 c3
26. Be4 Ba3 $14) 21. Qf7 Qa3 22. Bxd5 Nxd5 {Black has to worry about the
situation, when the white pawn mass will start rolling in the centre.} (22...
Rb8 23. Bg2 $1 (23. Bc6 Qe7 24. Qf4 Bb7 25. Bxb7 Rxb7 26. Rab1 b4 27. d5 Nxd5
28. Rbd1 Rd7 29. Qxc4 Nc3 30. Rxd7+ Kxd7 31. Re1 $14) 23... Qe7 24. Qf4 Bb7 25.
d5 $16) 23. Qxd5+ Kc7 24. Rab1 $6 {This active move will not win much praise
under objective scrutiny. Shimanov should have preferred to eliminate the
valuable b-pawn too.} (24. Qxa8 $4 Bb7 25. Qe8 Qf3 $19) (24. Qxb5 $5 Ba6 25.
Qd5 Rd8 26. Qf7+ Qe7 27. Qf4 $14) 24... a6 25. Rfc1 Ra7 26. Qf7+ (26. Qe4 Qxa2
27. Qe3 Qa3 28. Rc3 Qa2 29. Rcc1 $11) 26... Qe7 27. Qf3 Bh6 28. Re1 Qf8 $2 {
Defence is a very difficult task for every player. Black is unwittingly
pushing White's queen towards more active horizons.} (28... Bd2 29. Re2 c3 30.
Qd3 (30. Rxd2 cxd2 31. Qc3+ Kb8 32. Qxd2 Qe6 $15) 30... Kb8 31. Rd1 Bg4 32.
Rexd2 cxd2 33. Rxd2 $11) 29. Qc3 Be6 (29... Bf5 30. Rb2 Qf7 (30... Rb7 31. e6
$16) 31. Qa5+ Kb7 32. a4 $16) 30. Qa5+ Kc6 31. a4 $5 {A very unpleasant move
for the unstable king on the c6-square. There was the objectively strong of
the immediate liquidation of the b5-pawn.} (31. Rxb5 $1 axb5 32. Qxa7 Bd2 (
32... Qb4 33. Rd1 Qa4 34. d5+ Bxd5 35. Qd4 $18) 33. Re4 c3 34. Qa6+ Kc7 35. Rh4
Bf5 36. d5 $18) 31... Qb8 32. Ra1 Qb6 (32... Bf8 33. axb5+ Qxb5 34. Qd8 Bb4 35.
Reb1 a5 36. Qe8+ Bd7 37. Qg6+ Kc7 38. d5 $16) 33. axb5+ Qxb5 34. Qa3 $2 {
The opponents, facing an upcoming time control, have turned into tired and
fallible human beings, who had already solved many problems.} (34. Qd8 $1 Qd5
35. Qe8+ Qd7 (35... Bd7 36. Qg6+ Kc7 37. Qxh6 Bc6 38. Qh7+ Kd8 39. Qh4+ Kc7 40.
f3 Qxf3 41. Ra2 $18) 36. Qb8 Qc7 37. Qb1 $18) 34... Qd5 35. Reb1 Bh3 36. f3 $2
(36. Qa4+ Kc7 37. Qa5+ Qxa5 38. Rxa5 Bf8 39. d5 Bf5 40. d6+ Kc6 41. Rc1 $14)
36... Bd2 $2 (36... Qxd4+ $1 37. Kh2 Bf5 38. Qa4+ Kc7 39. Rg1 (39. Qa5+ Kc8 40.
Qb6 Qxb6 41. Rxb6 Be3 $17) 39... Bd2 $17) 37. Qb2 Be3+ $6 {The final move in
the small comedy of errors. Black is definitely losing the chance for
protracted defence with the better 37...Ba5!} (37... Ba5 $1 38. Rxa5 Qxa5 39.
g4 $16) 38. Kh2 Kd7 (38... Bxd4 39. Rxa6+ Kd7 40. Qb8) 39. Qb8 Bxd4 40. Rxa6
Rxa6 (40... Bg1+ 41. Kxh3 Rxa6 42. Rb7+ Ke6 43. Qe8+ Kf5 44. Rh7 $18) 41. Rb7+
{The final hunt for the black king will surprisingly end up in a forced mate.}
Ke6 (41... Kc6 42. Rc7#) (41... Qxb7 42. Qxb7+ Kd8 43. Qxa6 $18) 42. Qe8+ Kf5
43. Qh5+ Ke6 44. Qg6+ (44. Qg6+ Kxe5 45. f4#) 1-0

[Event "WchT 3rd"]
[Site "Luzern"]
[Date "1993.??.??"]
[Round "8.2"]
[White "Lin, Weiguo"]
[Black "Kaidanov, Gregory S"]
[Result "1/2-1/2"]
[WhiteElo "2540"]
[BlackElo "2640"]
[Annotator "Ftacnik,L"]
[PlyCount "76"]
[EventDate "1993.10.24"]
[EventType "team-tourn"]
[EventRounds "9"]
[EventCountry "SUI"]
[SourceTitle "CBM 038"]
[Source "ChessBase"]
[SourceDate "1994.02.01"]
[SourceVersion "1"]
[SourceVersionDate "1994.02.01"]
[SourceQuality "1"]
[WhiteTeam "China"]
[BlackTeam "US of America"]
[WhiteTeamCountry "CHN"]
[BlackTeamCountry "USA"]

1. d4 Nf6 2. c4 c6 3. Nc3 d5 4. Nf3 e6 5. Bg5 dxc4 6. a4 Bb4 7. e4 c5 8. e5 (8.
Bxc4 cxd4 9. Nxd4 (9. Bb5+ Nc6 10. Nxd4 Bd7 11. Nxc6 bxc6 12. Bd3 h6 13. Be3 e5
14. f3 Qa5 15. Qc1 Bc5 16. Bc4 Bxe3 17. Qxe3 Rb8 18. b3 O-O 19. O-O $14 {
Makarov,M-Bagirov/Podolsk/1992/}) 9... h6 10. Bb5+ (10. Be3 Nxe4 11. O-O Bxc3
12. bxc3 O-O 13. Qc2 $13 {Zaid-Ivanchuk,V/USSR/1985/}) 10... Bd7 (10... Nbd7 $5
11. Bxf6 Qxf6 12. Nde2 a6 13. Bxd7+ Bxd7 14. O-O Bc6 15. Qb3 Bd6 $1 16. Rad1
Rd8 17. Kh1 O-O 18. f4 Bc5 19. Qc4 Qe7 20. h3 Rc8 $15 {Kiselev,S-Dreev/
Helsinki op/1992/}) 11. Bxf6 Qxf6 12. Bxd7+ Nxd7 $15 {Bareev,E-Ivanchuk,V/USSR/
1985/}) 8... cxd4 9. exf6 gxf6 10. Bh4 Nc6 11. Nxd4 Nxd4 12. Bxc4 Ke7 (12...
Be7 13. O-O Nf5 14. Qh5 Qd4 15. Bb5+ $44) 13. Qd2 $1 (13. O-O Nf5 14. Qh5 Qd4
$19) (13. Bg3 Nf5 14. Qb3 Qa5 15. O-O Nxg3 16. hxg3 Bxc3 17. bxc3 h5 18. Rad1
h4 $17 {Krudde-Cifuentes/Dieren/1989/}) 13... Nf5 14. Bxf6+ Kxf6 15. Ne4+ Kg7
16. Qxb4 Qd4 17. Ng3 Qe5+ 18. Be2 Rd8 19. Ra3 a5 20. Qg4+ Kh8 21. O-O Qxb2 22.
Nxf5 exf5 23. Qh4 $44 Be6 (23... Qxa3 24. Qxd8+ Kg7 25. Qg5+ Kf8 26. Qd8+ $10)
24. Rh3 Qg7 25. Rg3 Qd4 26. Qh6 b6 27. h3 Rg8 28. Rd1 Qe5 29. Rxg8+ Rxg8 30.
Bf3 Bb3 31. Rb1 Bxa4 32. Qxb6 Bd7 33. Qb7 Be6 34. Qb5 Qxb5 (34... Qc3 35. Kh2
$13) 35. Rxb5 a4 36. Ra5 Bd7 37. Ra7 Rd8 38. Bd1 Kg7 1/2-1/2

[Event "Interzonal-16"]
[Site "Biel"]
[Date "1993.??.??"]
[Round "2"]
[White "Piket, Jeroen"]
[Black "Nalbandian, Tigran"]
[Result "1-0"]
[WhiteElo "2590"]
[BlackElo "2485"]
[Annotator "Ftacnik,L"]
[PlyCount "77"]
[EventDate "1993.07.16"]
[EventType "swiss"]
[EventRounds "13"]
[EventCountry "SUI"]
[SourceTitle "CBM 037"]
[Source "ChessBase"]
[SourceDate "1993.12.01"]
[SourceVersion "1"]
[SourceVersionDate "1993.12.01"]
[SourceQuality "1"]

1. d4 d5 2. c4 c6 3. Nc3 Nf6 4. Nf3 e6 5. Bg5 dxc4 6. e4 b5 7. e5 h6 8. Bh4 g5
9. Nxg5 hxg5 10. Bxg5 Nbd7 11. exf6 Bb7 12. g3 c5 13. d5 Qb6 14. Bg2 O-O-O 15.
O-O b4 16. Na4 Qb5 17. a3 Nb8 18. axb4 cxb4 19. Qg4 Bxd5 20. Rfc1 Nc6 (20...
Qd7 $2 21. Rxc4+ $1 Bxc4 22. Qxc4+ Qc7 $8 23. Nb6+ $1 axb6 24. Bb7+ $1 Kxb7 25.
Ra7+ Kxa7 {1-0/Tolstyh-Kozlov,V.E/USSR/1988/}) (20... Nd7 21. Qf4 $1 $16 (21.
Bxd5 exd5 22. Be3 Bd6 $1 23. Bxa7 Kb7 24. Bd4 Ra8 25. b3 cxb3 26. Qf5 Ra6 27.
Nb2 Rc8 28. h4 $16 {Avshalumov,A-Sherzer,A/Balatonbereny/1989/}) 21... Nc5 $8
22. Nxc5 Bxc5 23. Bf1 $16 {Magerramov,E-Savchenko,S/Sankt Peterburg/1992/}) 21.
Bxd5 Rxd5 22. Rxc4 Kd7 (22... Rxg5 $5 23. Qd4 Kb8 24. Rxc6 Rxg3+ 25. fxg3 Qxc6
26. Rd1 Bh6 27. Nc5 Ka8 28. Qe4 $10 {Yusupov,A-Tukmakov,V/Leningrad/1987/}) 23.
Rd1 $1 (23. Rac1 Rxg5 24. Qe4 Nd8 25. Qd4+ Ke8 26. Qxa7 (26. Rc7 Rh6 27. Re7+
Bxe7 28. fxe7 $17 {Lazarev,V-Shabalov,A/Biel op (03)/1992/}) 26... Qa5 27. Qb8
Qxa4 28. Rd4 {Sokolov,I-Oll,L/Wijk aan Zee/1993/} Qa5 $1 29. Rxd8+ Qxd8 30. Rc8
Rd5 31. Rxd8+ Rxd8 32. Qb5+ Rd7 33. Qb8+ $10) 23... Ne5 (23... Qxc4 24. Qxc4
Rxd1+ 25. Kg2 Rd5 26. h4 Bd6 27. Be3 $16) (23... Rxd1+ 24. Qxd1+ Kc7 25. Qc2
$16) 24. Rc5 $1 Nxg4 (24... Bxc5 25. Rxd5+ Bd6 26. Rxb5 Nxg4 27. h4 $16) 25.
Rdxd5+ exd5 26. Rxb5 Nxh2 (26... Kc6 27. Rb8 $18) 27. Kg2 (27. Rxd5+ Ke6 28.
Rd3 Ng4 29. Bh4 Rh6 $13) 27... Ng4 (27... Kc6 28. Ra5 Ng4 29. Bh4 $16) 28.
Rxd5+ Ke6 29. Rd8 Rh2+ (29... Nxf6 30. Be3 (30. Nc5+ Kf5 31. Bxf6 Kxf6 32. Rxf8
Rxf8 33. Nd7+ Ke7 34. Nxf8 Kxf8 35. Kf3 a5 36. Ke4 a4 37. Kd4 a3 38. bxa3 bxa3
39. Kc3 Ke7 40. Kb3 Ke6 41. Kxa3 Kd5 $10) 30... Bg7 31. Rxh8 Bxh8 32. Bxa7 $16)
30. Kf3 Kf5 (30... Ne5+ 31. Ke4 Ng6 32. Be3 $16) 31. Be3 Bh6 (31... Nxe3 32.
Kxe3 (32. fxe3 Bh6 33. Rd6 Bg5 34. e4+ Ke5 35. Ra6 Rc2 36. Rxa7 Kxf6 $14) 32...
Bh6+ 33. Kf3 Kxf6 34. Ra8 $16) 32. Bxa7 Bg5 33. Rb8 Ne5+ 34. Ke2 Nc6 35. Rb5+
Ke6 (35... Kg6 36. Bc5 Bxf6 37. Rb6 Ne5 38. Rxb4 $18) 36. Nc5+ Kd5 37. Nd3+ Ke4
38. Rxg5 Nxa7 39. Nxb4 1-0

[Event "Interzonal-16"]
[Site "Biel"]
[Date "1993.??.??"]
[Round "1"]
[White "Georgiev, Kiril"]
[Black "Dreev, Alexey"]
[Result "0-1"]
[WhiteElo "2660"]
[BlackElo "2570"]
[Annotator "Ftacnik,L"]
[PlyCount "68"]
[EventDate "1993.07.16"]
[EventType "swiss"]
[EventRounds "13"]
[EventCountry "SUI"]
[SourceTitle "CBM 037"]
[Source "ChessBase"]
[SourceDate "1993.12.01"]
[SourceVersion "1"]
[SourceVersionDate "1993.12.01"]
[SourceQuality "1"]

1. d4 d5 2. c4 c6 3. Nf3 Nf6 4. Nc3 e6 5. Bg5 dxc4 6. e4 b5 7. e5 h6 8. Bh4 g5
9. Nxg5 hxg5 10. Bxg5 Nbd7 11. exf6 Bb7 12. g3 c5 13. d5 Nxf6 14. dxe6 Be7 (
14... Bg7 15. Rg1 Qb6 16. Qe2 Qxe6 17. Nxb5 Qxe2+ 18. Bxe2 Ne4 19. O-O-O Nxg5
20. Nd6+ Kf8 21. Nxb7 Rxh2 22. Rgf1 Bd4 23. Bxc4 Rb8 24. Bd5 $10 {Lobron,
E-Kramnik,V/Dortmund/1993/}) 15. Rg1 (15. exf7+ Kxf7 16. Rg1 Qb6) 15... Qb6 16.
exf7+ Kxf7 17. h4 Rad8 18. Qc2 Qe6+ 19. Qe2 (19. Be2 Ng4 $1 20. Bxe7 Ne5 (20...
Nh2 21. f4 Nf3+ 22. Kf2 Rd2 $17) 21. Bxd8 (21. Ne4 Nd3+ 22. Bxd3 cxd3 23. Qb3 (
23. Qxc5 Qxe4+ $19) 23... c4 24. O-O-O cxb3 25. Ng5+ Kxe7 26. Nxe6 bxa2 27. Kd2
Kxe6 $19) 21... Nf3+ 22. Kd1 (22. Kf1 $2 Qh3+ 23. Rg2 Qh1+) 22... Rxd8+ 23. Kc1
Qh6+ 24. Kb1 Nd2+ (24... Nd4 25. Qd1 Nxe2 26. Qxe2 Rd2 27. Qe3 (27. Qd1 Rxd1+
28. Rxd1 Bf3 $17) 27... Qg6+ 28. Ne4 Bxe4+ 29. Kc1 Rc2+ 30. Kd1 Rxb2 31. Qf4+
Ke6 32. g4 c3 $17) 25. Kc1 Nf3+ 26. Kb1 Nxg1 27. Qf5+ Kg8 $17) 19... Ne4 20.
Bxe7 (20. Nxb5 Bxg5 21. hxg5 Rd2 22. Qxc4 Bd5 23. Qc1 Rh2 $19) (20. Be3 Nxc3
21. bxc3 Bf6 22. Rc1 Rd3 23. Bxc5 Qd7 $1 $17 (23... Bxc3+ 24. Rxc3 Qxe2+ 25.
Bxe2 Rxc3 26. Kd2 $1)) 20... Qxe7 21. Bg2 (21. Nxb5 Rhe8 22. Qxc4+ Kg7 23. Be2
Nxf2 $1 $19) 21... Rd2 22. Qe3 (22. Qf3+ $2 Nf6+ 23. Qe3 Qxe3+ 24. fxe3 Rxg2
$19) 22... Rd3 23. Qf4+ (23. Qe2 Re8 24. Bxe4 Bxe4 25. f4 (25. Kf1 Rxc3 26.
Qh5+ Bg6 27. Qd5+ Kg7 28. bxc3 Qe2+ 29. Kg2 Be4+ $19) (25. Nxe4 Qxe4 26. Qxe4
Rxe4+ 27. Kf1 Rd2 28. a4 b4 $17) 25... Bb7 $1 26. Qxe7+ $140 Rxe7+ 27. Kf1 Rf3+
28. Kg2 Rxc3+ $19) 23... Nf6+ 24. Kf1 Re8 25. g4 $2 (25. Bxb7 Qxb7 26. a4 $5
Rf3 $140 27. Nxb5 Rxf4 28. Nd6+ Kf8 29. Nxb7 Rd4 30. Nxc5 Rd2 $132) 25... Rd4
26. Qf5 (26. Qc1 Nxg4 27. Bxb7 Nh2+ 28. Kg2 Rg8+ $19) 26... Bc8 27. Qc2 Bxg4
28. Bf3 Bh3+ (28... Bxf3 $2 29. Qg6+ Ke6 30. Re1+ $18) 29. Bg2 Bg4 30. Bf3 (30.
f3 Qe3 31. Qe2 Qf4 32. Qf2 Rd2 33. Qxc5 Bxf3 $19) 30... Bh3+ 31. Bg2 Qd7 $1 32.
Rh1 (32. Rd1 Bf5 33. Rxd4 cxd4 $19) 32... Bxg2+ 33. Kxg2 Rg8+ 34. Kf1 Qg4 (
34... Qg4 35. Ke1 Qf3 36. Rf1 Re8+ 37. Ne2 Rde4 $19) 0-1

[Event "Hoogovens"]
[Site "Wijk aan Zee"]
[Date "1990.01.??"]
[Round "13"]
[White "Petursson, Margeir"]
[Black "Kuijf, Marinus"]
[Result "1/2-1/2"]
[WhiteElo "2555"]
[BlackElo "2490"]
[Annotator "Ftacnik,L"]
[PlyCount "141"]
[EventDate "1990.01.??"]
[EventType "tourn"]
[EventRounds "13"]
[EventCountry "NED"]
[EventCategory "13"]
[SourceTitle "CBM 017"]
[Source "ChessBase"]
[SourceDate "1990.08.01"]
[SourceVersion "1"]
[SourceVersionDate "1990.08.01"]
[SourceQuality "1"]

1. d4 d5 2. c4 c6 3. Nf3 Nf6 4. Nc3 e6 5. Bg5 dxc4 6. a4 Bb4 7. e4 Bxc3+ 8.
bxc3 Qa5 9. e5 Ne4 10. Rc1 (10. Bd2 Qd5 11. Be2 c5 $1 12. O-O Nc6 13. a5 O-O
14. Ra4 cxd4 15. Bxc4 Qd7 $1 $15 {Cebalo,M-Pinter,J/Gosa-Honved tt/1987/})
10... Qd5 {N} (10... Nd7 11. Be3 Nb6 12. Qc2 f5 13. exf6 Nxf6 14. Ra1 O-O 15.
Ne5 Nfd5 16. Bd2 c5 $10 {Donner-Pomar/Lugano/1959/} 17. Nxc4 Nxc4 18. Bxc4) 11.
Be3 c5 12. Be2 Nc6 13. O-O O-O 14. Qc2 {/\ 15.dxc5 Nxe5 16.Rfd1} cxd4 15. cxd4
c3 16. Bd3 Nb4 17. Bxe4 Nxc2 18. Bxd5 Nxe3 19. fxe3 exd5 20. Rxc3 $14 Bd7 21.
Rc7 Bxa4 22. Rxb7 Bc6 23. Rc7 Bb5 24. Rb1 a6 25. Rc5 Rfd8 26. Rbc1 h6 27. Nd2
Kh7 28. Nb1 f6 29. exf6 gxf6 30. Nc3 Bc4 31. e4 $1 a5 $1 32. exd5 Bb3 33. Rf1
Ra6 34. Rb5 (34. Rc6 Rxc6 35. dxc6 Rxd4 36. Rxf6 Rc4 $132) 34... a4 35. Rf3 Kh8
36. Re3 Rd7 37. h4 Ra8 38. Ne4 Re8 39. Kf2 Rxd5 40. Rb7 Rf5+ 41. Rf3 Rxf3+ 42.
gxf3 Bd5 43. Rc7 Bxe4 44. fxe4 a3 45. Ra7 Rxe4 46. d5 Rd4 47. Rxa3 Rxd5 48. Ra7
Kg8 49. Kg3 Rd4 50. Rb7 Re4 51. Ra7 h5 52. Rb7 Rg4+ 53. Kh3 Rg7 54. Rb5 Rh7 55.
Kg3 Kg7 56. Kf4 Kg6 57. Rb8 Ra7 58. Rg8+ Kf7 59. Rb8 Ra4+ 60. Kf5 Ra5+ 61. Kf4
Kg6 62. Rg8+ Kh6 63. Ke4 Kh7 64. Rg1 Ra2 65. Kf5 Rf2+ 66. Ke6 Rf4 67. Kf7 Rg4
68. Rf1 Rxh4 69. Kxf6 Kh6 70. Kf5 Ra4 71. Rb1 {Ftacnik,L} 1/2-1/2

[Event "Frankfurt"]
[Site "Frankfurt"]
[Date "1990.??.??"]
[Round "?"]
[White "Bewersdorff, Oliver"]
[Black "Werner, Dimo"]
[Result "1-0"]
[WhiteElo "2325"]
[BlackElo "2350"]
[Annotator "Ftacnik,L"]
[PlyCount "47"]
[EventDate "1990.??.??"]
[EventType "tourn"]
[EventRounds "13"]
[EventCountry "GER"]
[EventCategory "7"]
[SourceTitle "CBM 020"]
[Source "ChessBase"]
[SourceDate "1991.02.01"]
[SourceVersion "1"]
[SourceVersionDate "1991.02.01"]
[SourceQuality "1"]

1. d4 d5 2. Nf3 Nf6 3. c4 dxc4 4. Nc3 e6 5. e4 Bb4 6. Bg5 b5 7. a4 c6 8. e5 h6
9. exf6 hxg5 10. fxg7 Rg8 11. h4 gxh4 12. Rxh4 Qf6 13. g3 Nd7 14. Bg2 Bb7 15.
Kf1 $1 a6 $6 (15... Bxc3 16. bxc3 Qxg7 17. Ne5 Nxe5 18. dxe5 Qxe5 19. axb5 Rd8
20. Rd4 Rxd4 21. Qxd4 $14 {Wirthenson-Flear,G/Graz/1984/}) 16. Ne5 Nxe5 17.
dxe5 Qxe5 18. axb5 axb5 (18... Bxc3 19. bxc6 Rd8 20. Qa4 $16) 19. Rxa8+ Bxa8
20. Qa1 Qb8 (20... Bb7 21. Qa7 Qc7 22. Rh8 $18) 21. Rh8 Ke7 22. Ne4 e5 (22...
Rxh8 23. gxh8=Q Qxh8 24. Qa7+ $18) 23. Rxg8 Qxg8 24. Bh3 $1 {Ftacnik,L} 1-0